000 00728nam a2200241 a 4500
005 20241113063732.0
008 991125s1983 es 000 0 spa u
020 _a847095010X
035 _aUPN01000056588
049 _aF
050 4 _aNX280
_bC65 no.19 1983
100 1 _aBrian, J.
245 1 0 _aTest de arte /
_cJ. Brian.
250 _a2a ed.
260 _aBarcelona, Esp. :
_bLEDA,
_c1983.
300 _a31 p. :
_bil.
440 0 _aCómo se hace ;
_v19
500 _aTítulo de la cubierta: Test de arte : para conocer el grado de aptitud y el talento creador
650 4 _aAPTITUD ARTISTICA
_97619
650 4 _aArte
_xEstudio y enseñanza
_9207
650 4 _aMediciones y pruebas educativas
_94299
905 _aLibro
999 _c56588
_d56588